| 000 | 00865nas a2200277 4500 | ||
|---|---|---|---|
| 001 | BR2016004185 | ||
| 003 | BR-BrBNA | ||
| 005 | 20231205130641.0 | ||
| 007 | ta | ||
| 008 | 230509b bl.|||p| |||| 00| 00por d | ||
| 040 |
_aBR-BrBNA _bpor _cBiblioteca Nacional de Agricultura |
||
| 041 | _a(Pt) | ||
| 072 | _aQ03 | ||
| 100 | 1 | _aFagundes, K.P. | |
| 100 | 1 | _aMartini, C.S. | |
| 100 | 1 | _aBrasil, C.C.B. | |
| 100 | 1 | _aSilveira, J.T. | |
| 245 | 1 | _aConformidades no recebimento e no armazenamento de alimentos em escolas municipais de Itaqui - RS | |
| 650 | _aALIMENTO PREPARADO | ||
| 650 | _aARMAZENAMENTO | ||
| 650 | _aCONSERVAÇÃO | ||
| 650 | _aCONTROLE DE QUALIDADE | ||
| 773 | 0 |
_tHigiene Alimentar (Brazil) _xISSN 0101-9171 _g(Jul-Aug 2016), v. 30(258-259) p. 42-47 _wBR2016004185 |
|
| 909 |
_a202311 _bLúcia _c55 _dLúcia Elande |
||
| 942 |
_2AGRIS _n0 _cANA |
||
| 999 |
_c250535 _d250535 |
||